CJ50 (Record no. 81929)

MARC details
000 -LEADER
fixed length control field 00841cab a22001935a 4500
001 - CONTROL NUMBER
control field L148673
008 - FIXED-LENGTH DATA ELEMENTS--GENERAL INFORMATION
fixed length control field 091019e20090729xxkd f s 000 0 eng d
035 ## - SYSTEM CONTROL NUMBER
System control number (Sirsi) u148673
041 0# - LANGUAGE CODE
Language code of text/sound track or separate title eng
100 1# - MAIN ENTRY--PERSONAL NAME
Personal name Stagg, James
245 00 - TITLE STATEMENT
Title CJ50
Remainder of title M25 drives sector
260 ## - PUBLICATION, DISTRIBUTION, ETC.
Date of publication, distribution, etc. 2009
490 #0 - SERIES STATEMENT
Series statement Contract Journal
Volume/sequential designation 447 (6733) 29 July 2009, 10-11 (2)
520 ## - SUMMARY, ETC.
Summary, etc. Monthly league table of new work winners, divided geographically and by sector. Skanska is in the top position for June 2009 due to its contracts related to the M25. Balfour Beaty is at the top of the twelve-month total. Presnts evolution by diagrams by sector for the last twelve months and for June 2009. Shows diagram of total orders for the past 12 months.
590 ## - LOCAL NOTE (RLIN)
Local note KA
651 #4 - SUBJECT ADDED ENTRY--GEOGRAPHIC NAME
Geographic name United Kingdom
Chronological subdivision
690 ## - LOCAL SUBJECT ADDED ENTRY--TOPICAL TERM (OCLC, RLIN)
Topical term or geographic name as entry element BUILT ENVIRONMENT-CONSTRUCTION MARKET
942 ## - ADDED ENTRY ELEMENTS (KOHA)
Suppress in OPAC 0
Holdings
Withdrawn status Lost status Source of classification or shelving scheme Damaged status Not for loan Home library Current library Shelving location Date acquired Total Checkouts Full call number Barcode Date last seen Copy number Price effective from Koha item type
    Dewey Decimal Classification     London London Journal article 19/10/2009   L148673 148673-1001 06/08/2019 1 06/08/2019 Journal article